Statistics for Country Pairs That Split a Continental Landmass if Removed|No Enclaves

Click here to take the quiz!

General Stats

  • This quiz has been taken 39 times
    (4 since last reset)
  • The average score is 37 of 54

Answer Stats

Areas split offPartnerAnswer% Correct
Algeria-Libya: Tunisia, the rest of Afro-Eurasia
Algeria-Mauritania: Morocco, the rest of Afro-Eurasia
Libya | MauritaniaAlgeria
100%
Brazil-Argentina: Uruguay, the rest of Americas
Brazil-Guyana: Suriname & French Guiana, the rest of Americas
Brazil-Peru: Argentina & Bolivia & Chile & Paraguay & Uruguay, the rest of Americas
Brazil-Suriname: French Guiana, the rest of Americas
Brazil-Venezuela: Guyana & Suriname & French Guiana, the rest of Americas
Argentina | Guyana | Peru | Suriname | VenezuelaBrazil
100%
North America, South AmericaN/AColombia
100%
Nicaragua and northwards, Panama and southwardsN/ACosta Rica
100%
Congo-Tanzania: Southern Africa, the rest of Afro-Eurasia
TanzaniaD. R. Congo
100%
Africa, EurasiaN/AEgypt
100%
The Iberian peninsula, Monaco, the rest of the rest of Afro-EurasiaN/AFrance
100%
Suriname & French Guiana, the rest of AmericasBrazilGuyana
100%
El Salvador and northwards, Nicaragua and southwardsN/AHonduras
100%
India-China: Bhutan, Nepal, Indochinese Southeast Asia, the rest of Afro-Eurasia
India-Myanmar: Bangladesh, the rest of Afro-Eurasia
China | MyanmarIndia
100%
Iraq-Jordan: Arabian Peninsula, the rest of Afro-Eurasia
Iraq-Syria: Africa & Arabian Peninsula & Levant, the rest of Afro-Eurasia
Iraq-Turkey: Africa & Arabian Peninsula & Levant, the rest of Afro-Eurasia
Jordan | Syria | TurkeyIraq
100%
Africa, EurasiaN/AIsrael
100%
Jordan-Iraq: Arabian Peninsula, the rest of Afro-Eurasia
Jordan-Syria: Africa & Sinai Peninsula & Israel & Lebanon, the rest of Eurasia
Iraq | SyriaJordan
100%
Morocco, the rest of Afro-EurasiaAlgeriaMauritania
100%
United States & Canada, the rest of AmericasN/AMexico
100%
Myanmar-China: Indochinese Southeast Asia, the rest of Afro-Eurasia
Myanmar-India: Bangladesh, the rest of Afro-Eurasia
China | IndiaMyanmar
100%
Honduras and northwards, Costa Rica and southwardsN/ANicaragua
100%
North America, South AmericaN/APanama
100%
Fennoscandia (peninsula), the rest of Afro-EurasiaN/ARussia
100%
Portugal, the rest of Afro-EurasiaN/ASpain
100%
Egypt & Eurasia, the rest of AfricaLibyaSudan
100%
French Guiana, the rest of AmericasBrazilSuriname
100%
Syria-Iraq: Africa & Arabian Peninsula & Levant, the rest of Afro-Eurasia
Syria-Jordan: Africa & Sinai Peninsula & Israel & Lebanon, the rest of Eurasia
Iraq | JordanSyria
100%
Peninsular Malaysia, the rest of Afro-EurasiaN/AThailand
100%
Turkey-Iran: Africa & Middle East, the rest of Eurasia Turkey-Iraq: Africa & Arabian Peninsula & Levant, the rest of Afro-EurasiaIran | IraqTurkey
100%
Canada, the rest of AmericasN/AUnited States
100%
Uruguay, the rest of AmericasBrazilArgentina
67%
China-Myanmar: Indochinese Southeast Asia, the rest of Afro-Eurasia
China-India: Bhutan, Nepal, Indochinese Southeast Asia, the rest of Afro-Eurasia
India | MyanmarChina
67%
Denmark, the rest of Afro-EurasiaN/AGermany
67%
Mexico and northwards, Honduras and southwardsN/AGuatemala
67%
Africa & Middle East, the rest of EurasiaTurkeyIran
67%
San Marino, Vatican City, the rest of Afro-EurasiaN/AItaly
67%
Libya-Algeria: Tunisia, the rest of Afro-Eurasia
Libya-Sudan: Egypt & Eurasia, the rest of Africa
Algeria | SudanLibya
67%
Argentina & Bolivia & Chile & Paraguay & Uruguay, the rest of AmericasBrazilPeru
67%
Congo-Cameroon: Gabon & mainland Equatorial Guinea, the rest of Afro-EurasiaCameroonRepublic of the Congo
67%
Moldova, the rest of Afro-EurasiaUkraineRomania
67%
Oman & United Arab Emirates & Yemen, Qatar, the rest of Afro-EurasiaN/ASaudi Arabia
67%
Lesotho, the rest of Afro-EurasiaN/ASouth Africa
67%
Southern Africa, the rest of Afro-EurasiaD. R. CongoTanzania
67%
Moldova, the rest of Afro-EurasiaRomaniaUkraine
67%
Guyana & Suriname & French Guiana, the rest of AmericasBrazilVenezuela
67%
Sweden, the rest of Afro-EurasiaNorwayFinland
33%
South Korea, the rest of Afro-EurasiaN/ANorth Korea
33%
Sweden, the rest of Afro-EurasiaFinlandNorway
33%
Gambia, the rest of Afro-EurasiaN/ASenegal
33%
Liechtenstein, the rest of Afro-EurasiaSwitzerlandAustria
0%
Turkish Thrace, the rest of Afro-EurasiaGreeceBulgaria
0%
Cameroon-Gabon: Mainland Equatorial Guinea, the rest of Afro-Eurasia
Cameroon-Congo: Gabon & mainland Equatorial Guinea, the rest of Afro-Eurasia
Gabon | Republic of the CongoCameroon
0%
Mainland Equatorial Guinea, the rest of Afro-EurasiaCameroonGabon
0%
Turkish Thrace, the rest of Afro-EurasiaBulgariaGreece
0%
Guinea-Ivory Coast: Liberia & Sierra Leone, the rest of Afro-Eurasia
Guinea-Liberia: Sierra Leone, the rest of Afro-Eurasia
Ivory Coast | LiberiaGuinea
0%
Liberia & Sierra Leone, the rest of Afro-EurasiaGuineaIvory Coast
0%
Sierra Leone, the rest of Afro-EurasiaGuineaLiberia
0%
Liechtenstein, the rest of Afro-EurasiaAustriaSwitzerland
0%

Score Distribution

Percentile by Number Answered

Percent of People with Each Score

Your Score History

You have not taken this quiz since the last reset